Clubs that have won the Greek Super League - Statistics

General Stats
  • This quiz has been taken 150 times
  • The average score is 6 of 6
Answer Stats
Hint Answer % Correct
48 Olympiakos
99%
4 PAOK
99%
14 AEK
98%
3 Aris
98%
20 Panathinaikos
98%
1 AEL
84%
No matching quizzes found
Score Distribution
Percent of People with Each Score
Percentile by Number Answered
Your Score History
You have not taken this quiz